| 000 | 00935nas a2200289 4500 | ||
|---|---|---|---|
| 001 | BR7903249 | ||
| 003 | BR-BrBNA | ||
| 005 | 20231205083737.0 | ||
| 007 | ta | ||
| 008 | 230509b bl.|||p| |||| 00| 00por d | ||
| 040 |
_aBR-BrBNA _bpor _cBiblioteca Nacional de Agricultura |
||
| 041 | _a(Pt) | ||
| 072 | _aH20 | ||
| 100 | 1 | _aFulco, W. da S. | |
| 100 | 1 | _aSoares, M.H.G. | |
| 100 | 1 | _aCamargo, M.R.O. | |
| 245 | 1 | _aReacoes de cultivares e linhagens de trigo ao oidio (Erysiphe graminis tritici)a fusariose (Gibberella zeae)e a helmintosporiose (Helminthosporium sativum)[Triticum aestivum] | |
| 650 | _aTRIGO | ||
| 650 | _aOIDIO | ||
| 650 | _aFUSARIOSE | ||
| 650 | _aHELMINTOSPORIOSE | ||
| 650 | _aVARIEDADE RESISTENTE | ||
| 650 | _aLINHAGEM | ||
| 773 | 0 |
_tAgronomia Sulriograndense (Brazil) _xISSN 0400-8111 _g(1978), v. 14(2) p. 183-194 _wBR7903249 |
|
| 909 |
_a202311 _bLúcia _c55 _dLúcia Elande |
||
| 942 |
_2AGRIS _n0 _cANA |
||
| 999 |
_c100909 _d100909 |
||